Statistiques concernant Personnages - GTA V

Cliquez ici pour prendre le quiz!

Statistiques générales

  • Ce quiz a été pris 77 fois
  • Le résultat moyen est 12 sur 26

Statistiques - réponses

Indice Personnage % Correct
Jeune afro-américain qui rêve de devenir un criminel réputé de Los Santos.Franklin Clinton
92%
Sociopathe et ancien pilote de l'armée.Trevor Philips
91%
Pilleur de banques retraité qui a conclu un accord avec la FIB.Michael De Santa
83%
L'un des meilleurs amis de Franklin.Lamar Davis
71%
Le « cerveau » derrière les braquages effectués.Lester Crest
69%
Rottweiler mâle que garde Franklin.Chop
65%
Son fils.James 'Jimmy' De Santa
62%
Sa femme.Amanda De Santa
60%
Vendeur de voitures de luxe malhonnête d'origine arménienne.Simeon Yetarian
54%
Homme d'affaires d'origine mexicaine et le chef du Cartel Madrazo.Martin Madrazo
49%
Péquenaud et théoricien du complot. Il habite dans une remorque à Blaine County.Ronald 'Ron' Jakowski
49%
Agent du FIB et un bon ami de Michael.Dave Norton
46%
Sa fille.Tracey De Santa
46%
Vieil ami de Michael et Trevor.Bradley 'Brad' Snider
40%
Agent du FIB hautement décoré mais corrompu.Steve Haines
32%
Déficient intellectuel et crétin, il aide Trevor avec ses boulots à Los Santos et Blaine County.Wade Hebert
32%
Réalisateur de Vinewood et propriétaire de Richards Majestic.Solomon Richards
28%
Professeur de yoga donnant des cours privés.Fabien LaRouche
25%
Ex-copine de Franklin.Tanisha Jackson
23%
Sa tante.Denise Clinton
23%
Chef de la Triade de Los Santos.Wei Cheng
22%
Homme d'affaires milliardaire qui possède une part de plusieurs entreprises de San Andreas, dont Merryweather Security.Devin Winston
22%
Accro à la drogue et fils du chef de la Triade.Tao Cheng
20%
Son cousin.Floyd Hebert
20%
Membre haut placé du gang des Familles.Harold 'Stretch' Joseph
18%
Thérapeute diplômé dont le cabinet est situé sur le superbe littoral de Pacific Bluffs.Dr. Isiah Friedlander
15%

Distribution des résultats

Percentile by Number Answered

% des personnes avec chaque résultat

Votre développement - résultats

Vous n’avez pas pris ce quiz